000 00942nam0a2200265 4500
001 RU\NLR\ONL1\15339
005 20250613122335.0
035 _a(NLR Aleph) 009644079
090 _a9558201
_c9558201
100 _a20091026d1979 |||y0rusy50 ca
101 0 _amdf
102 _aRU
105 _ay |||||||||
200 1 _aЗанимательнай грамматика
_eмокшень школатненди пособия
_fМ. А. Келин
210 _aСаранск
_cМорд. кн. изд-вась
_d1979
215 _a48 с.
_d20
541 1 _aЗанимательная грамматика
_zrus
606 0 _aМокшанский язык
_xГрамматика
_92176396
_3RU\NLR\auth-onl\66513
686 1 _aШ166.312-2
700 1 _aКелин
_bМ. А.
_gМихаил Александрович
_4070
801 0 _aRU
_bNLR
_c20091026
_gPSBO
852 _aNLR
_bОНЛ
_jМорд.м./2-2431
942 _cBOOK
980 _aNB